000
00238 a2200097 4500
001
26630
100
_a
Burghardt, M.D
245
_a
Engineering thermodynamics with applications
260
_a
_b
Harper row pub
_c
1978
090
_c
17924
_d
17924
942
_a
NUST-CAE
_c
M
_c
8807
999
_c
261703
_d
261703